Theoretische und praktische deutsche Sprachwissenschaft in der Gegenwart
Aktuálne trendy v nemeckej lingvistike: pojem „komunikačná kompetencia“ a komentáre k „pragmatickému a komunikačnému obratu“. Najnovšie lingvistické výskumné oblasti a trendy v jazykovom výskume. Nemčina ako cudzí jazyk v súčasnosti a jej vymedzenie od germanistiky mimo územia Nemecka.
Salvato in:
| Autore principale: | |
|---|---|
| Natura: | Capitolo di libro |
| Lingua: | tedesco |
| Soggetti: | |
| Tags: |
Nessun Tag, puoi essere il primo ad aggiungerne!!
|
MARC
| LEADER | 00000naa$a2200000$$$4500 | ||
|---|---|---|---|
| 001 | 0238910 | ||
| 005 | 20240502083640.8 | ||
| 041 | 0 | |a ger | |
| 044 | |a CZ | ||
| 245 | 1 | 0 | |a Theoretische und praktische deutsche Sprachwissenschaft in der Gegenwart |c Silvia Adamcová |
| 520 | |a Aktuálne trendy v nemeckej lingvistike: pojem „komunikačná kompetencia“ a komentáre k „pragmatickému a komunikačnému obratu“. Najnovšie lingvistické výskumné oblasti a trendy v jazykovom výskume. Nemčina ako cudzí jazyk v súčasnosti a jej vymedzenie od germanistiky mimo územia Nemecka. | ||
| 610 | 2 | 0 | |a nemčina |
| 610 | 2 | 0 | |a jazyky cudzie |
| 610 | 2 | 0 | |a jazykoveda |
| 610 | 2 | 0 | |a lexikológia |
| 610 | 2 | 0 | |a kompetencie komunikačné |
| 610 | 2 | 0 | |a vývoj spoločenský |
| 100 | 1 | |a Adamcová, Silvia, 1984- | |